000 00294nam a2200121Ia 4500
008 230822s2007 xx 000 0 und d
020 _a1-84091-316-9
041 _aeng
100 _aCONRAN S.& BOND M.
245 _aCONTEMPORARY LIGHTING
260 _bOCTOPUS PUBLISHING
_c2007
300 _a128
999 _c857916
_d857916